| 000 | 02175nam0a2200361 4500 | ||
|---|---|---|---|
| 001 | RU\NLR\bibl\837114 | ||
| 005 | 20260531075321.0 | ||
| 010 |
_a5-16-002382-8 _93000 |
||
| 021 |
_aRU _b2005-46647 _92285 |
||
| 035 | _a(NLR Aleph) 000825952 | ||
| 090 |
_a1330627 _c1330627 |
||
| 100 | _a20050906d2005 |||y0rusy50 ca | ||
| 101 | 0 | _arus | |
| 102 | _aRU | ||
| 105 | _aa ||||||||| | ||
| 200 | 1 |
_aЭнергосбережение в промышленных и коммунальных предприятиях _eучебное пособие для студентов средних специальных учебных заведений, обучающихся по строительным специальностям _fА.И. Колесников, М.Н. Федоров, Ю.М. Варфоломеев |
|
| 210 |
_aМосква _cИНФРА-М _d2005 |
||
| 215 |
_a122, [1] с. _cил. _d21 |
||
| 225 | 1 | _aСреднее профессиональное образование | |
| 320 | _aБиблиогр.: с. 118-121 (48 назв.) | ||
| 606 | 1 |
_aПромышленные предприятия _jУчебные издания для среднего профессионального образования _xЭнергетические ресурсы _xЭкономия _91984274 _3RU\NLR\auth\66910524 |
|
| 606 | 1 |
_aКоммунальные предприятия _jУчебные издания для среднего профессионального образования _xЭнергетические ресурсы _xЭкономия _92390702 _3RU\NLR\auth\661425726 |
|
| 686 | _aЗ191.073я723-1 | ||
| 686 | _aУ30(2)-554.081я723 | ||
| 686 | _aУ44(2)131-554.081я723 | ||
| 700 | 1 |
_aКолесников _bА. И. _gАнатолий Иванович _4070 |
|
| 701 | 1 |
_4070 _8rus _7ca _aФедоров _bМ. Н. _cинженер-теплотехник _gМихаил Николаевич _3RU\NLR\auth\7714093 _9123771 |
|
| 701 | 1 |
_4070 _8rus _7ca _aВарфоломеев _bЮ. М. _gЮрий Максимович _3RU\NLR\auth\7759159 _942091 |
|
| 801 | 0 |
_aRU _bNLR _c20050906 _grcr |
|
| 801 | 1 |
_aRU _bNLR _c20050906 |
|
| 942 | _cBOOK | ||
| 980 | _aNB | ||